[Event "Biel Mixed"]
[Site "Biel"]
[Date "1991.??.??"]
[Round "11"]
[White "Landenbergue, Claude"]
[Black "Arakhamia, Ketevan"]
[Result "0-1"]
[WhiteElo "2415"]
[BlackElo "2475"]

1.e4 c5 2.Nf3 e6 3.d4 cxd4 4.Nxd4 Nc6 5.Nc3 d6 6.g3 Nf6 7.Bg2 Be7 8.Nxc6 bxc6
9.e5 Nd5 10.exd6 Bxd6 11.O-O O-O 12.Ne4 Ba6 13.Re1 Be7 14.Bf1 Bxf1 15.Rxf1 f5
16.Nd2 e5 17.Qe2 Bf6 18.Nb3 Kh8 19.Be3 a5 20.Bc5 Re8 21.c4 Nc7 22.Rad1 Qc8
23.Bb6 Ne6 24.Bxa5 Nd4 25.Nxd4 exd4 26.Qd2 Qa6 27.Bb4 Qxc4 28.b3 Qd5 29.Rc1 h6
30.Rc5 Qf3 31.Qd1 Qxd1 32.Rxd1 Rxa2 33.Rxf5 Ree2 34.Rd3 Kg8 35.Kf1 Reb2 36.h4 Ra1+
37.Kg2 Rab1 38.Rff3 Rc2 39.Rf5 Rbb2 40.Kf1 Kf7 41.Rxd4 c5 42.Bxc5 Rxc5 43.Rd7+ Ke6
44.Rxc5 Kxd7 45.Rd5+ Kc6 46.Rd3 Kc5 47.Rf3 Kb4 48.Kg2 Rxb3 49.Rf5 Kc3 50.Rf3+ Kc2
51.Rf5 Kd2 52.Rf4 Rb2 53.Re4 Kd1 54.Kf1 Rd2 55.Re3 Bd4 56.Rf3 g5 57.hxg5 hxg5
58.Kg2 Ke1 59.Kh3 Rxf2 60.Rd3 Rd2 61.Ra3 Kf2 62.Kg4 Be3 63.Ra4 Rd3  0-1

[Event "Bled op"]
[Site "Bled"]
[Date "1991.??.??"]
[Round "?"]
[White "Landa, Konstantin"]
[Black "Furlan, Miha"]
[Result "1-0"]
[WhiteElo "2460"]
[BlackElo "2260"]

1.e4 c5 2.Nc3 Nc6 3.Nf3 e6 4.d4 cxd4 5.Nxd4 a6 6.Be2 d6 7.Nxc6 bxc6 8.O-O Nf6
9.f4 Qc7 10.Be3 Be7 11.Bf3 O-O 12.Na4 Bb7 13.c4 c5 14.Qc2 Nd7 15.b3 Nb8 16.Qf2 Nc6
17.e5 dxe5 18.fxe5 Nxe5 19.Bxb7 Qxb7 20.Qg3 Ng6 21.Nxc5 Qc8 22.Na4 Rb8 23.Rad1 Rd8
24.Qf3 Ne5 25.Qf4 f6 26.Qe4 Rxd1 27.Rxd1 Rb7 28.Kf2 Kf7 29.Qxh7 Ng4+ 30.Ke2 Nxe3
31.Kxe3 Bc5+ 32.Ke2 e5 33.Qh5+ Ke7 34.Rd5 Bd4 35.Qg6 Kf8 36.g4 Rb4 37.Kf3 Kg8
38.h4 Kf8 39.h5 Rb7 40.Ke4 Kg8 41.Qf5 Qe8 42.Kd3 Re7 43.Qe4  1-0

[Event "Bled op"]
[Site "Bled"]
[Date "1991.??.??"]
[Round "?"]
[White "Ermenkov, Evgenij"]
[Black "Podlesnik, Bogdan"]
[Result "1/2-1/2"]
[WhiteElo "2510"]
[BlackElo "2360"]

1.e4 c5 2.Nc3 e6 3.Nf3 Nc6 4.d4 cxd4 5.Nxd4 Nf6 6.a3 d6 7.Be2 Bd7 8.Ndb5 Qb8
9.a4 Be7 10.Bf4 Ne5 11.Be3 a6 12.Na3 Bc6 13.f4 Ned7 14.Bd3 d5 15.exd5 Nxd5
16.Nxd5 Bxd5 17.O-O Bc5 18.Bxc5 Nxc5 19.Bc4 Bc6 20.Qd4 Qa7 21.Nb5 axb5 22.axb5 Qxa1
23.Rxa1 Rxa1+ 24.Kf2 Ne4+ 25.Ke2 Bd5 26.Bxd5 exd5 27.Qxg7 Rf8 28.c4 Ra8 29.b6 dxc4
30.Qe5+ Kd7 31.Qc7+ Ke6 32.Qe5+ Kd7 33.Qf5+ Kd6 34.Qe5+  1/2-1/2

[Event "Bled/Rogaska Slatina"]
[Site "Bled"]
[Date "1991.??.??"]
[Round "13"]
[White "Djuric, Stefan"]
[Black "Gostisa, Leon"]
[Result "1-0"]
[WhiteElo "2540"]
[BlackElo "2440"]

1.e4 c5 2.Nf3 Nc6 3.Nc3 e6 4.d4 cxd4 5.Nxd4 Qc7 6.g3 a6 7.Bg2 Nf6 8.O-O Be7
9.Re1 Nxd4 10.Qxd4 Bc5 11.Qd1 d6 12.Na4 Ba7 13.c4 Bd7 14.Be3 Bxe3 15.Rxe3 O-O
16.Nc3 Qxc4 17.Qxd6 Qc6 18.Rd1 e5 19.h3 Rfe8 20.Qa3 Be6 21.Nd5 Qc2 22.Nc3 Rad8
23.Ree1 Rxd1 24.Rxd1 h5 25.f3 Rc8 26.Bf1 Bxa2 27.g4 hxg4 28.hxg4 Be6 29.g5 Nh5
30.Qd6 Qxb2 31.g6 Qxc3 32.Qd8+  1-0

[Event "Latin Cup Final"]
[Site "Bogota"]
[Date "1991.??.??"]
[Round "1"]
[White "Garcia, Gildardo"]
[Black "Zapata, Alonso"]
[Result "0-1"]
[WhiteElo "2445"]
[BlackElo "2530"]

1.e4 c5 2.Nf3 e6 3.d4 cxd4 4.Nxd4 Nc6 5.Nc3 Qc7 6.Be3 a6 7.Bd3 Nf6 8.O-O Nxd4
9.Bxd4 Bc5 10.Bxc5 Qxc5 11.Qf3 O-O 12.Qg3 d6 13.Kh1 e5 14.Qh4 Be6 15.Rae1 Rfe8
16.Re3 h6 17.g4 Nh7 18.Qg3 b5 19.h4 Nf8 20.Rg1 g5 21.hxg5 hxg5 22.Qh2 Kg7
23.Qh5 Ng6  0-1

[Event "Borsodtavho"]
[Site "Borsodtavho"]
[Date "1991.??.??"]
[Round "6"]
[White "Luther, Thomas"]
[Black "Horvath, Jozsef"]
[Result "1-0"]
[WhiteElo "2470"]
[BlackElo "2540"]

1.e4 c5 2.Nf3 e6 3.d4 cxd4 4.Nxd4 Nc6 5.Nc3 Qc7 6.Be2 a6 7.Be3 Nf6 8.O-O Bb4
9.Na4 O-O 10.Nxc6 bxc6 11.Nb6 Rb8 12.Nxc8 Rfxc8 13.Bxa6 Rf8 14.Bd3 Bd6 15.Kh1 Be5
16.c3 Rxb2 17.Qc1 Ng4 18.f4 Nxe3 19.Qxb2 Bxf4 20.Rf3 Ng4 21.g3 Bg5 22.Rff1 h6
23.a4 Ra8 24.Be2 Ne5 25.Rfb1 Be3 26.a5 Qd8 27.a6 Qg5 28.a7 Qg6 29.Qb8+  1-0

[Event "CSR-ch"]
[Site "Bratislava"]
[Date "1991.??.??"]
[Round "1"]
[White "Mrva, Martin"]
[Black "Kretek, Bratislav"]
[Result "1/2-1/2"]
[WhiteElo "2390"]
[BlackElo "2305"]

1.e4 c5 2.Nf3 e6 3.Nc3 Nc6 4.d4 cxd4 5.Nxd4 Nf6 6.Ndb5 d6 7.Bf4 e5 8.Bg5 a6
9.Na3 b5 10.Bxf6 gxf6 11.Nd5 f5 12.c3 Bg7 13.exf5 Bxf5 14.Nc2 O-O 15.Nce3 Be6
16.Be2 f5 17.O-O f4 18.Nc2 e4 19.Bg4 Bxg4 20.Qxg4 Ne5 21.Qe6+ Kh8 22.Rae1 Qg5
23.Kh1 Rae8 24.Qh3 Nd3 25.Nc7 Nxe1 26.Rxe1 Qc5 27.Nxe8 Rxe8 28.Qh4 Qf5 29.Nb4 a5
30.Nd3 Rf8 31.Nc1 Bf6  1/2-1/2

[Event "CSR-ch"]
[Site "Bratislava"]
[Date "1991.??.??"]
[Round "4"]
[White "Gazik, Igor"]
[Black "Kretek, Bratislav"]
[Result "1-0"]
[WhiteElo "2395"]
[BlackElo "2305"]

1.e4 c5 2.Nf3 Nc6 3.Nc3 e6 4.d4 cxd4 5.Nxd4 Nf6 6.Nxc6 bxc6 7.Bd3 d5 8.O-O Be7
9.f4 dxe4 10.Nxe4 Qb6+ 11.Kh1 Ba6 12.Bxa6 Qxa6 13.Ng5 O-O 14.Bd2 Rad8 15.Qe1 Qc4
16.c3 Rd7 17.Nf3 Bd6 18.b3 Qe4 19.c4 Qxe1 20.Raxe1 Bc7 21.g3 Rfd8 22.Be3 a6
23.Kg2 h6 24.Re2 Ne4 25.Bc1 f5 26.Bb2 g5 27.fxg5 hxg5 28.Bc1 g4 29.Ng5 Nxg5
30.Bxg5 Kf7 31.Bxd8 Rxd8 32.h3 gxh3+ 33.Kxh3 Rd3 34.Rg2 Ke7 35.Kh4 Rd4+ 36.g4 f4
37.g5 e5 38.g6 Kf8 39.Kg5 Rd3 40.Kf5 e4 41.Rh1  1-0

[Event "CSR-ch"]
[Site "Bratislava"]
[Date "1991.??.??"]
[Round "10"]
[White "Rasik, Vitezslav"]
[Black "Plachetka, Jan"]
[Result "0-1"]
[WhiteElo "2410"]
[BlackElo "2425"]

1.e4 c5 2.Nf3 e6 3.d4 cxd4 4.Nxd4 Nc6 5.Nc3 Qc7 6.g3 a6 7.Bg2 d6 8.O-O Be7
9.Be3 Nf6 10.Qe2 O-O 11.Rad1 Bd7 12.f4 Nxd4 13.Rxd4 Bc6 14.Rfd1 Rac8 15.f5 e5
16.R4d2 b5 17.a3 h6 18.h3 Qb7 19.Nd5 Bxd5 20.exd5 Bd8 21.Qf2 Nd7 22.Rf1 f6
23.g4 Bb6 24.Kh1 Bxe3 25.Qxe3 Qb6 26.Qg3 Rc4 27.c3 a5 28.b3 Rc7 29.h4 Rfc8
30.Rd3 Nc5 31.Re3 Nxb3 32.g5 Nd2 33.Rg1 Nc4 34.Re2 fxg5 35.hxg5 hxg5 36.Qxg5 Rf8
37.Be4 Rf6 38.Reg2 Rcf7 39.Qh4 Qe3 40.Rg5 Nd2 41.R1g4 Nxe4 42.Rxe4 Qf3+ 43.Rg2 Qxf5
44.a4 Kf8  0-1

[Event "Mitropa-Cup"]
[Site "Brno"]
[Date "1991.??.??"]
[Round "2"]
[White "Luther, Thomas"]
[Black "Varga, Zoltan"]
[Result "1-0"]
[WhiteElo "2495"]
[BlackElo "2400"]

1.e4 c5 2.Nf3 e6 3.d4 cxd4 4.Nxd4 Nc6 5.Nc3 Qc7 6.Be2 a6 7.O-O Nf6 8.Kh1 b5
9.Nxc6 dxc6 10.f4 b4 11.e5 bxc3 12.exf6 gxf6 13.bxc3 c5 14.Bf3 Rb8 15.Be3 Bd6
16.Qd3 O-O 17.Rad1 Rb6 18.f5 exf5 19.Bh6 Re8 20.Bd5 Kh8 21.Rxf5 Bxf5 22.Qxf5 Qe7
23.Be4  1-0

[Event "Brno Morava-D"]
[Site "Brno"]
[Date "1991.??.??"]
[Round "3"]
[White "Voekler, Bernd"]
[Black "Gogichaishvili, Giorgi"]
[Result "0-1"]
[WhiteElo "2370"]
[BlackElo "2410"]

1.e4 c5 2.Nf3 e6 3.d4 cxd4 4.Nxd4 Nc6 5.Nc3 Qc7 6.Be2 Nf6 7.O-O a6 8.a4 Bb4
9.Bg5 Be7 10.Nxc6 bxc6 11.Qd4 h6 12.Bh4 e5 13.Qe3 d6 14.a5 Be6 15.Bg3 Nd7
16.Rfd1 O-O 17.Kh1 g5 18.h3 Kg7 19.Ra4 f5 20.exf5 Bxf5 21.Rc4 Qb7 22.Na4 Be6
23.Rc3 Rab8 24.Nb6 Nxb6 25.axb6 Qxb6 26.Qe4 c5 27.Bg4 Bxg4 28.Qxg4 Qxb2 29.Rcd3 Rf6
30.h4 Rg6 31.hxg5 hxg5 32.Kg1 Qb5 33.Rf3 Qe8 34.Rf5 a5 35.Re1 Bf6 36.Rd1 Qe6
37.Qe4 Rb4 38.c4 Rxc4 39.Qb7+  0-1

[Event "Brno Morava-B"]
[Site "Brno"]
[Date "1991.??.??"]
[Round "5"]
[White "Rasik, Vitezslav"]
[Black "Kuporosov, Viktor"]
[Result "0-1"]
[WhiteElo "2420"]
[BlackElo "2500"]

1.e4 c5 2.Nf3 e6 3.Nc3 Nc6 4.d4 cxd4 5.Nxd4 Qc7 6.g3 a6 7.Bg2 Nf6 8.O-O Be7
9.a4 O-O 10.Be3 d6 11.Qe2 Bd7 12.Rad1 Rfc8 13.f4 Nxd4 14.Rxd4 Rab8 15.e5 Ne8
16.Qf2 Kh8 17.Rfd1 Bc6 18.Rc4 Bd8 19.f5 exf5 20.Bxc6 bxc6 21.exd6 Qd7 22.b3 Nf6
23.Bc5 Ng4 24.Qf1 Bf6 25.Ne2 Re8 26.Rf4 Re6 27.Rxf5 Rbe8 28.Nf4 Rxd6 29.Nd3 Rd5
30.Rxd5 Qxd5 31.Re1 Rxe1 32.Qxe1 h5 33.Qe8+ Kh7 34.Qe2 g6 35.h3 Ne5 36.Bf2 Nf3+
37.Kf1 Ng5 38.Nf4 Qh1+ 39.Bg1 Nxh3 40.Nxh3 Qxh3+ 41.Qg2 Qxg2+ 42.Kxg2 Bc3  0-1

[Event "Brno Morava-C"]
[Site "Brno"]
[Date "1991.??.??"]
[Round "8"]
[White "Faibisovich, Vadim Z"]
[Black "Orsag, Milan"]
[Result "1/2-1/2"]
[WhiteElo "2415"]
[BlackElo "2385"]

1.e4 c5 2.Nf3 e6 3.Nc3 Nc6 4.d4 cxd4 5.Nxd4 Qc7 6.g3 a6 7.Bg2 Nf6 8.O-O Be7
9.b3 d6 10.Nxc6 bxc6  1/2-1/2

[Event "Bucharest (Women)"]
[Site "Bucharest"]
[Date "1991.??.??"]
[Round "?"]
[White "Cosma, Elena Luminita"]
[Black "Iosif, Cristina S"]
[Result "1-0"]
[WhiteElo "2255"]
[BlackElo "2160"]

1.e4 c5 2.Nf3 e6 3.Nc3 Nc6 4.d4 cxd4 5.Nxd4 d6 6.g3 Nf6 7.Bg2 a6 8.O-O Be7
9.a4 Qc7 10.Nb3 b6 11.f4 Bb7 12.Be3 O-O 13.g4 Rfe8 14.g5 Nd7 15.Qh5 g6 16.Qh3 Nb4
17.Rf2 Nc5 18.a5 b5 19.Nxc5 dxc5 20.f5 exf5 21.Bf4 Bd6 22.Bxd6 Qxd6 23.exf5 Bxg2
24.Qxg2 Qe5 25.Raf1 Rad8 26.fxg6 fxg6 27.Ne4 Rf8 28.Nf6+ Kh8 29.Re2 Qd4+
30.Kh1 Qd6 31.Qh3 Rf7 32.Re6 Qd4 33.Rfe1 h5 34.c3 Qd3 35.R6e3 Rxf6 36.gxf6 Qd5+
37.Qg2 Qxg2+ 38.Kxg2 Nc2 39.Re8+  1-0

[Event "Autoteam"]
[Site "Budapest"]
[Date "1991.??.??"]
[Round "1"]
[White "Mueller, Karsten"]
[Black "Szabolcsi, Janos"]
[Result "1-0"]
[WhiteElo "2425"]
[BlackElo "2350"]

1.e4 c5 2.Nf3 e6 3.d4 cxd4 4.Nxd4 Nc6 5.Nc3 Qc7 6.Be2 a6 7.Be3 Nf6 8.O-O Bb4
9.Na4 O-O 10.Nxc6 bxc6 11.Nb6 Rb8 12.Nxc8 Rfxc8 13.Bxa6 Rf8 14.Bd3 Bd6 15.f4 e5
16.f5 Rxb2 17.g4 Qa5 18.g5 Ne8 19.Kh1 Bc5 20.Bxc5 Qxc5 21.Qg4 f6 22.g6 h6
23.Rfb1 Qb4 24.Qg1 d5 25.Rxb2 Qxb2 26.a4 Nd6 27.Rb1 Qa3 28.Qa7 dxe4 29.Be2 Nxf5
30.Rb8 Qc1+ 31.Kg2 Nh4+ 32.Kh3 Nxg6 33.Rxf8+ Nxf8 34.Bc4+ Kh7 35.Qf7 Qe3+
36.Kg2 Qf3+ 37.Kg1 Qd1+ 38.Kf2 h5 39.Qg8+ Kh6 40.Qh8+ Nh7 41.Bg8 Qxc2+ 42.Ke1 Qb1+
43.Kf2 Qc2+ 44.Ke1 Qc3+ 45.Kd1 Qd4+ 46.Ke2 Qd3+ 47.Ke1 Qe3+ 48.Kf1 Qf3+ 49.Kg1 Qg4+
50.Kf1 Qf5+ 51.Ke1 h4 52.Qxh7+ Qxh7 53.Bxh7 Kxh7 54.a5 g5 55.a6 g4 56.a7 g3
57.hxg3 h3 58.Kf1  1-0

[Event "Cansys GM-Nov"]
[Site "Budapest"]
[Date "1991.??.??"]
[Round "2"]
[White "Apicella, Manuel"]
[Black "Kochyev, Alexander"]
[Result "1/2-1/2"]
[WhiteElo "2430"]
[BlackElo "2500"]

1.e4 c5 2.Nf3 e6 3.d4 cxd4 4.Nxd4 Nc6 5.Nc3 d6 6.Be2 Nf6 7.f4 Be7 8.Be3 O-O
9.O-O Qc7 10.Kh1 a6 11.Qe1 Bd7 12.Qg3 Rfd8 13.Rae1 Be8 14.e5 dxe5 15.Nxc6 Qxc6  1/2-1/2

[Event "Cansys IM-B"]
[Site "Budapest"]
[Date "1991.??.??"]
[Round "2"]
[White "Piroska, Istvan"]
[Black "Sziva, Erika"]
[Result "0-1"]
[WhiteElo "2255"]
[BlackElo "2245"]

1.e4 c5 2.Nf3 e6 3.d4 cxd4 4.Nxd4 Nc6 5.Nc3 Qc7 6.Be3 a6 7.Nb3 Nf6 8.f4 d6
9.Bd3 b5 10.O-O Be7 11.f5 Ne5 12.Bg5 O-O 13.Bxf6 Bxf6 14.Qd2 Bb7 15.Ne2 Nc4
16.Qf4 Nxb2 17.Rac1 Nc4 18.Ng3 Qb6+ 19.Kh1 Qe3 20.Qxe3 Nxe3 21.Rf3 exf5 22.Na5 fxe4
23.Rxe3 exd3 24.Rxd3 Bc8 25.Rxd6 Be6 26.Nb3 Be5 27.Rc6 Rfc8 28.Rxc8+ Rxc8
29.Ne4 Bxb3 30.axb3 Bf4 31.Ra1 Rxc2 32.g3 Rc1+ 33.Rxc1 Bxc1 34.b4 Ba3  0-1

[Event "Spring op"]
[Site "Budapest"]
[Date "1991.??.??"]
[Round "2"]
[White "Timoshenko, Georgy"]
[Black "Fancsy, Imre"]
[Result "1-0"]
[WhiteElo "2475"]
[BlackElo "2310"]

1.e4 c5 2.Nf3 e6 3.d4 cxd4 4.Nxd4 Nc6 5.Nc3 Qc7 6.Be2 a6 7.O-O Nf6 8.Re1 Bb4
9.Nxc6 dxc6 10.Bc4 e5 11.Qf3 O-O 12.Bg5 Nd7 13.a3 Bd6 14.Rad1 Nc5 15.Bh4 Be6
16.Bf1 Be7 17.Bg3 Rfd8 18.b4 Nd7 19.Nd5 Bxd5 20.exd5 cxd5 21.Qxd5 Rac8 22.c4 Bf6
23.c5 Nf8 24.Qe4 Ng6 25.Bc4 a5 26.h4 Re8 27.h5 Nf8 28.Rd6 axb4 29.axb4 Rcd8
30.Red1 b6 31.cxb6 Qxd6 32.Rxd6 Rxd6 33.b7 Nd7 34.f3 Nb8 35.Bf2 Bd8 36.Bc5 Rd1+
37.Kh2 Bc7 38.Qf5 Rd7 39.Bb5 e4+ 40.f4 g6  1-0

[Event "Autoteam"]
[Site "Budapest"]
[Date "1991.??.??"]
[Round "3"]
[White "Almasi, Zoltan"]
[Black "Teske, Henrik"]
[Result "0-1"]
[WhiteElo "2400"]
[BlackElo "2395"]

1.e4 c5 2.Nf3 e6 3.d4 cxd4 4.Nxd4 Nc6 5.Nc3 Qc7 6.g3 a6 7.Bg2 d6 8.O-O Bd7
9.Re1 Be7 10.Nxc6 Bxc6 11.a4 Nf6 12.a5 O-O 13.Bf4 Rad8 14.g4 Rfe8 15.g5 Nd7
16.Be3 Bf8 17.Kh1 Nc5 18.b4 Nd7 19.Qe2 Rc8 20.b5 axb5 21.Nxb5 Bxb5 22.Qxb5 Ne5
23.Reb1 Re7 24.f4 Nc4 25.Bg1 g6 26.Ra2 Qd8 27.Rb3 Rec7 28.Rg3 Bg7 29.h4 h6
30.Kh2 d5 31.exd5 e5 32.f5 Nd6 33.Qe2 Nxf5 34.Rg4 Rc3 35.Bb6 Qd6 36.Be4 Nd4
37.Qg2 Nf3+ 38.Kh1 h5 39.Rg3 Nxh4 40.Qh3 Qb4 41.Qxh4 Rxg3 42.Qxg3 Qxe4+ 43.Qg2 Qh4+
44.Qh2 Qc4  0-1

[Event "Elekes mem"]
[Site "Budapest"]
[Date "1991.??.??"]
[Round "3"]
[White "Luther, Thomas"]
[Black "Fogarasi, Tibor"]
[Result "1/2-1/2"]
[WhiteElo "2470"]
[BlackElo "2410"]

1.e4 c5 2.Nf3 Nc6 3.d4 cxd4 4.Nxd4 e6 5.Nc3 Qc7 6.Be2 a6 7.Be3 Nf6 8.O-O Bb4
9.Na4 O-O 10.Nxc6 bxc6 11.Nb6 Rb8 12.Nxc8 Rfxc8 13.Bxa6 Rf8 14.Bd3 Bd6 15.g3 Be5
16.a4 Bxb2 17.Ra2 Bc3 18.Bf4 Be5 19.Be3 Bc3 20.Bf4 Be5 21.Be3 Bc3  1/2-1/2

[Event "Escom IM-A"]
[Site "Budapest"]
[Date "1991.??.??"]
[Round "3"]
[White "Zakic, Srdjan"]
[Black "Feher, Gyula"]
[Result "1/2-1/2"]
[WhiteElo "2350"]
[BlackElo "2375"]

1.e4 c5 2.Nf3 e6 3.d4 cxd4 4.Nxd4 Nc6 5.Nc3 d6 6.g4 Nge7 7.Be3 Nxd4 8.Qxd4 Nc6
9.Qd2 a6 10.O-O-O b5 11.Bg2 Bb7 12.f4 Be7 13.Qf2 O-O 14.e5 d5 15.Kb1 b4 16.Ne2 Qb8
17.Nd4 a5 18.Rhe1 a4 19.Nxc6 Bxc6 20.Bd4 b3 21.cxb3 axb3 22.a3 Rc8 23.Rc1  1/2-1/2

[Event "Schneider mem op"]
[Site "Budapest"]
[Date "1991.??.??"]
[Round "4"]
[White "Berebora, Ferenc"]
[Black "Kuporosov, Viktor"]
[Result "0-1"]
[WhiteElo "2310"]
[BlackElo "2485"]

1.e4 c5 2.Nf3 e6 3.d4 cxd4 4.Nxd4 Nc6 5.Nc3 Qc7 6.f4 a6 7.Nxc6 Qxc6 8.Bd3 b5
9.Qe2 Bb7 10.Bd2 Bc5 11.Qg4 g6 12.a3 f5 13.Qh4 Be7 14.Qh3 Nf6 15.e5 Ng4 16.Be4 fxe4
17.Qxg4 Bc5 18.Qe2 e3 19.Bxe3 Qxg2 20.Rg1 Qxe2+ 21.Kxe2 Rc8 22.Rad1 Bxa3
23.Bc1 Be7  0-1

[Event "Budapest Kasparov"]
[Site "Budapest"]
[Date "1991.??.??"]
[Round "4"]
[White "Luther, Thomas"]
[Black "Horvath, Jozsef"]
[Result "0-1"]
[WhiteElo "2470"]
[BlackElo "2540"]

1.e4 c5 2.Nf3 e6 3.d4 cxd4 4.Nxd4 Nc6 5.Nc3 Qc7 6.Be2 a6 7.O-O Nf6 8.Kh1 Be7
9.f4 d6 10.Be3 O-O 11.Qe1 Nxd4 12.Bxd4 b5 13.e5 dxe5 14.Bxe5 Qb6 15.Qg3 Bb7
16.Bd3 g6 17.Qg5 Qd8 18.Qh6 Re8 19.Rad1 Bf8 20.Qh3 Qe7 21.Be2 Red8 22.Bf3 Bg7
23.Bxb7 Qxb7 24.Qh4 Nd5 25.Ne4 Qe7 26.Qxe7 Nxe7 27.Nf6+ Bxf6 28.Bxf6 Rxd1
29.Rxd1 Nd5 30.Be5 Rc8 31.c3 Rc4 32.g3 Re4 33.Rd2 g5 34.Rf2 f6 35.Bb8 g4
36.h3 h5 37.hxg4 hxg4 38.Ba7 Kf7 39.Rc2 Rc4 40.Bd4 Kg6 41.Kg1 Rc8 42.Kf1 Kf5
43.Rh2 b4 44.Ke1 bxc3 45.bxc3 Ke4 46.Re2+ Kf3 47.Rxe6 Kxg3 48.Bxf6 Nxf6 49.Rxf6 Kf3
50.Rxa6 g3 51.Rg6 Rxc3 52.f5 Re3+ 53.Kf1 Rc3 54.Ke1 Rc1+ 55.Kd2 Ra1 56.f6 Rxa2+
57.Kd3 Ra4 58.f7 Rf4 59.Rg7 g2  0-1

[Event "Budapest Kasparov"]
[Site "Budapest"]
[Date "1991.??.??"]
[Round "5"]
[White "Reeh, Oliver"]
[Black "Polgar, Sofia"]
[Result "1-0"]
[WhiteElo "2470"]
[BlackElo "2425"]

1.e4 c5 2.Nf3 e6 3.d4 cxd4 4.Nxd4 Nc6 5.Nc3 Qc7 6.f4 a6 7.Nxc6 Qxc6 8.Bd3 b5
9.Qe2 Bb7 10.Bd2 Nf6 11.e5 Nd5 12.Be4 Qc5 13.O-O-O Nxc3 14.Bxc3 Bxe4 15.Qxe4 Rc8
16.Rd4 Qc6 17.Qxc6 Rxc6 18.Rhd1 Rc7 19.Ba5 Rb7 20.R4d3 b4 21.c3 g5 22.fxg5 Bg7
23.Re1 Rb5 24.Bc7 bxc3 25.Rxc3 O-O 26.a4 Rd5 27.Rd1 Re8 28.Rxd5 exd5 29.Kd2 Re6
30.Re3 Bf8 31.Bd6 Bxd6 32.exd6 Rxd6 33.b4 Rb6 34.Rb3 Kf8 35.Kd3 Ke7 36.Kd4 Kd6
37.b5 Rb8 38.b6 a5 39.Rb5 Kc6 40.Rxa5 Rxb6 41.Rc5+ Kb7 42.Rb5  1-0

[Event "Spring op"]
[Site "Budapest"]
[Date "1991.??.??"]
[Round "5"]
[White "Galanov, Boris"]
[Black "Fogarasi, Tibor"]
[Result "1/2-1/2"]
[WhiteElo "2320"]
[BlackElo "2410"]

1.e4 c5 2.Nf3 Nc6 3.d4 cxd4 4.Nxd4 e6 5.Nc3 Qc7 6.Be2 a6 7.O-O Nf6 8.a3 Be7
9.Be3 O-O 10.f4 d6 11.Qe1 Nxd4 12.Bxd4 e5 13.Be3 exf4 14.Rxf4 Be6 15.Rd1 Nd7
16.Rf1 Ne5 17.Kh1 Rfe8 18.Qf2 b5 19.Bd4 Rac8 20.Qg3 Rcd8  1/2-1/2

[Event "Spring op"]
[Site "Budapest"]
[Date "1991.??.??"]
[Round "6"]
[White "Tolnai, Tibor"]
[Black "Yagupov, Igor"]
[Result "1-0"]
[WhiteElo "2500"]
[BlackElo "2410"]

1.e4 c5 2.Nf3 Nc6 3.Nc3 e6 4.d4 cxd4 5.Nxd4 Nf6 6.Ndb5 d6 7.Bf4 e5 8.Bg5 a6
9.Na3 b5 10.Bxf6 gxf6 11.Nd5 Bg7 12.g3 f5 13.Bg2 fxe4 14.Bxe4 Be6 15.c3 O-O
16.O-O Rb8 17.Nc2 Qd7 18.Bg2 f5 19.Re1 Kh8 20.Qd2 e4 21.Nf4 d5 22.Nd4 Bg8
23.Rad1 a5 24.Bf1 b4 25.Nxc6 Qxc6 26.Nxd5 bxc3 27.Nxc3 Bxa2 28.Nxa2 Rxb2
29.Qc1 Qxc1 30.Nxc1 a4 31.Bc4 Rc2 32.Be6 a3 33.Re2 Rb2 34.Rxb2 Bxb2 35.Kg2 Rf6
36.Ba2 Rc6 37.Ne2 Rc2 38.Rd8+ Kg7 39.Rd7+ Kf6 40.Nf4 Be5 41.Rf7+ Kg5 42.Be6 Bxf4
43.Rxf5+ Kh6 44.Rxf4 e3 45.Rf3 e2 46.Re3 a2 47.Bxa2 Rxa2 48.Kf3  1-0

[Event "Autoteam"]
[Site "Budapest"]
[Date "1991.??.??"]
[Round "6"]
[White "Mueller, Karsten"]
[Black "Horvath, Jozsef"]
[Result "1/2-1/2"]
[WhiteElo "2425"]
[BlackElo "2540"]

1.e4 c5 2.Nf3 e6 3.d4 cxd4 4.Nxd4 Nc6 5.Nc3 Qc7 6.Be2 a6 7.O-O Nf6 8.Be3 Bb4
9.Na4 O-O 10.Nxc6 bxc6 11.Nb6 Rb8 12.Nxc8 Rfxc8 13.Bxa6 Rf8 14.Bd3 Bd6 15.f4 e5
16.f5 Rxb2 17.g4 Qa5 18.g5 Ne8 19.Kh1 Bc5 20.Bd2 Bb4 21.Bc1 Rxa2 22.Rb1 d5  1/2-1/2

[Event "Schneider mem op"]
[Site "Budapest"]
[Date "1991.??.??"]
[Round "6"]
[White "Shalnev, Nicolai"]
[Black "Kuporosov, Viktor"]
[Result "0-1"]
[WhiteElo "2335"]
[BlackElo "2485"]

1.e4 c5 2.Nf3 e6 3.d4 cxd4 4.Nxd4 Nc6 5.Nc3 Qc7 6.g3 a6 7.Bg2 Nf6 8.O-O Be7
9.a4 O-O 10.h3 d6 11.Kh2 Rd8 12.Be3 Rb8 13.Qe2 Bd7 14.Nxc6 Bxc6 15.Rfd1 Rdc8
16.Ba7 Ra8 17.Bd4 b6 18.Rd2 h6 19.f4 Ne8 20.Re1 Bf8 21.Red1 Qb7 22.f5 e5
23.Bg1 Nf6 24.g4 b5 25.a5 Be7 26.Ra1 Rab8 27.Bb6 b4 28.Nd5 Nxd5 29.exd5 Bb5
30.Qe1 Bg5 31.Be3 Qe7 32.Bxg5 Qxg5 33.Rf2 Rc4 34.Be4 Rbc8 35.Rd1 R8c5 36.Rdd2 b3
37.cxb3 Rc1 38.Rd1 f6 39.Rxc1 Rxc1 40.Qd2 Qxd2 41.Rxd2 Ra1 42.Kg3 Rxa5 43.Rc2 Kf8
44.Rc1 Be8 45.Kf3 Ke7 46.Rc7+ Bd7 47.Rc1 Kd8 48.Ke3 Rb5 49.Rc3 a5 50.Kd3 Bc8
51.Ke3 Bb7 52.Rd3 Kc7 53.Rc3+ Kb6 54.Rd3 Rb4 55.Bf3 Rb5 56.Be4 Rc5 57.Rd1 Kb5
58.Kf3 Kb4 59.Rd3 Rc2 60.Rd1 Rxb2 61.Rc1 Rxb3+ 62.Kf2 a4 63.Rc7 Ka5 64.Rxg7 a3
65.Rc7 a2 66.Rc1 Rb2+ 67.Kf3 Rh2 68.Kg3 Rb2 69.Ra1 Kb4  0-1

[Event "Escom IM-A"]
[Site "Budapest"]
[Date "1991.??.??"]
[Round "7"]
[White "Misailovic, Nebojsa"]
[Black "Vadasz, Laszlo"]
[Result "1-0"]
[WhiteElo "2345"]
[BlackElo "2385"]

1.e4 c5 2.Nf3 e6 3.Nc3 Nc6 4.d4 cxd4 5.Nxd4 Qc7 6.g3 a6 7.Bg2 Nf6 8.O-O Be7
9.a4 O-O 10.h3 Rd8 11.Kh2 d5 12.exd5 Nxd5 13.Nxd5 exd5 14.Bf4 Qb6 15.Nb3 Be6
16.Qh5 Rac8 17.a5 Qb5 18.Rfd1 Bf6 19.Bd2 d4 20.Qxb5 axb5 21.Nc5 Rc7 22.Nxb7 Rxb7
23.Bxc6 Rc7 24.Be4 Bd5 25.Bd3 Bc4 26.Bf4 Ra7 27.b3 Bxd3 28.Rxd3 Rc8 29.Ra2 Ra6
30.g4 Rac6 31.g5 Be7 32.Rxd4  1-0

[Event "Spring op"]
[Site "Budapest"]
[Date "1991.??.??"]
[Round "7"]
[White "Malyakin, Pavel"]
[Black "Simic, Dragan"]
[Result "1/2-1/2"]
[WhiteElo "2435"]
[BlackElo "2260"]

1.e4 c5 2.Nf3 e6 3.d4 cxd4 4.Nxd4 Nc6 5.Nc3 d6 6.g3 Nf6 7.Bg2 Be7 8.O-O O-O
9.Nce2 Qc7 10.b3 a6 11.c4 Rd8 12.Bb2 d5 13.cxd5 exd5 14.exd5 Nb4 15.Nf4 Nbxd5
16.Nxd5 Nxd5 17.Re1 Bf8 18.Qf3 Ne7 19.Bf1 Rb8 20.h4 b5 21.Rac1 Qd6 22.Bg2 Bb7
23.Qg4 Bxg2 24.Kxg2 Qd7 25.Qf3 Rbc8 26.Rcd1 Qd5 27.Re4 Nc6 28.Rde1 Nxd4 29.Rxd4 Qxf3+
30.Kxf3 Bc5 31.Rxd8+ Rxd8 32.Rc1 Bf8 33.Ke3 Re8+ 34.Kd3 Rd8+ 35.Bd4 g6 36.Ke4 f5+
37.Ke3 Re8+ 38.Kf3 Kf7  1/2-1/2

[Event "Schneider mem op"]
[Site "Budapest"]
[Date "1991.??.??"]
[Round "8"]
[White "Utasi, Tamas"]
[Black "Pogorelov, Ruslan"]
[Result "0-1"]
[WhiteElo "2345"]
[BlackElo "2375"]

1.e4 c5 2.Nf3 e6 3.d4 cxd4 4.Nxd4 Nc6 5.Nc3 d6 6.Be3 Nf6 7.Be2 Be7 8.O-O O-O
9.f4 Bd7 10.Nb3 a6 11.a4 b6 12.Bf3 Rb8 13.Qe2 Qc8 14.Rad1 Rd8 15.g4 Be8 16.g5 Nd7
17.Bg2 Nc5 18.Rf3 Nb4 19.Rh3 g6 20.Rf1 Nxa4 21.f5 Nxc3 22.bxc3 Bb5 23.Qd2 Bxf1
24.Bxf1 Nc6 25.fxg6 fxg6 26.Qf2 Rf8 27.Qh4 Rf7 28.Be2 Ne5 29.Bd4 a5 30.Nc1 a4  0-1

[Event "Budapest IM (Women)"]
[Site "Budapest"]
[Date "1991.??.??"]
[Round "8"]
[White "Ladanyike Karakas, Eva"]
[Black "Grabics, Monika"]
[Result "1-0"]
[WhiteElo "2040"]
[BlackElo "2115"]

1.e4 c5 2.Nc3 Nc6 3.Nf3 e6 4.d4 cxd4 5.Nxd4 Qc7 6.Be3 Nf6 7.Be2 Bb4 8.Nb5 Qb8
9.a3 Be7 10.Qd2 a6 11.Nd4 O-O 12.f4 d6 13.O-O Qc7 14.Nb3 b5 15.g4 Nd7 16.Rad1 Nc5
17.Bf3 Bb7 18.Qf2 b4 19.axb4 Nxb4 20.e5 Bxf3 21.exd6 Bxd6 22.Rxd6 Ne4 23.Nxe4 Bxe4
24.Rd4 Bxc2 25.Rxb4 Rfc8 26.Rc1 Qd7 27.Rd4 Qb5 28.Na1 Bd3 29.Rxc8+ Rxc8 30.Qd2 h6
31.Rxd3 Qa4 32.Rd8+ Rxd8 33.Qxd8+ Kh7 34.Qd3+ Kg8 35.Qb1 e5 36.Qc1 exf4 37.Bxf4 g5
38.Qc8+ Kh7 39.Qf5+ Kg8 40.Qc8+ Kh7 41.Qc2+ Qxc2 42.Nxc2 gxf4 43.Kg2 Kg6
44.h4 h5 45.g5 f6 46.gxf6 Kxf6 47.Kf3 Kf5 48.b3 Ke5 49.Nb4 a5 50.Nc6+  1-0

[Event "Spring op"]
[Site "Budapest"]
[Date "1991.??.??"]
[Round "8"]
[White "Stepanov, Pavel"]
[Black "Sziva, Erika"]
[Result "1-0"]
[WhiteElo "2345"]
[BlackElo "2245"]

1.e4 c5 2.Nf3 e6 3.Nc3 Nc6 4.d4 cxd4 5.Nxd4 Qc7 6.Be3 a6 7.Qd2 Nf6 8.f3 b5
9.Bd3 Bb7 10.g4 h6 11.O-O-O Bb4 12.a3 Be7 13.h4 b4 14.axb4 Bxb4 15.g5 Nh5
16.Nb3 Ne5 17.Qf2 Nf4 18.Bb6 Nexd3+ 19.cxd3 Qc6 20.Na5 Bxa5 21.Bxa5 hxg5
22.Qe3 e5 23.hxg5 Rxh1 24.Rxh1 Qd6 25.Kd2 Rc8 26.Rh8+ Ke7 27.Rxc8 Bxc8 28.Bb6 Ne6
29.Nd5+ Ke8 30.Ba5 Nd4 31.Bc3 Qc5 32.Bxd4 exd4 33.Qf4 d6 34.Qh4 Be6 35.Qh8+ Kd7
36.Qxg7 Bxd5 37.exd5 Qb4+ 38.Kd1 Qb3+ 39.Kc1 Qxd5 40.Qf6 Qe6 41.Qxd4 Qe1+
42.Kc2 Qe2+ 43.Kc3 Qxf3 44.Qa7+ Ke6 45.Qxa6 Kf5 46.Qa5+ Kg6 47.b4 Qe3 48.Qd5 Qc1+
49.Kb3 Qd1+ 50.Kc4 Qc1+ 51.Kb5 Qxg5 52.Kc6 f5 53.b5 f4 54.Qxd6+ Kh7 55.b6 f3
56.b7 Qc1+ 57.Kd7  1-0